000 00405nam a2200145Ia 4500
008 100122s9999 xx 000 0 und d
082 _b32923
_a920
100 _aमोंडकर ज आ
245 _aतीन देवदूत
260 _bज.आ.मोंडकर
_c1974
300 _a190
630 _aतीन देवदूत
730 _aतीन देवदूत
942 _cBOOK
999 _c417243
_d417240